MARC

LEADER 00000nam0a2200000 4500
001 45860
005 20231031024125.0
010 |a 569100204X 
035 |a (RuTPU)RU\TPU\book\47765 
090 |a 45860 
100 |a 20021217d2001 m y0rusy50 ca 
101 0 |a rus 
102 |a RU 
105 |a a j 000zy 
200 1 |a География почв с основами почвоведения  |e учебник для вузов  |f В. В. Добровольский 
210 |a Москва  |c Владос  |d 2001 
215 |a 384 с.  |c ил. 
225 1 |a Учебник для вузов 
610 1 |a почвоведение 
610 1 |a почва 
610 1 |a выветривания 
610 1 |a почвообразующие породы 
610 1 |a биологические факторы 
610 1 |a химический состав 
610 1 |a климат 
610 1 |a тепловой режим 
610 1 |a водный режим 
610 1 |a рельеф 
610 1 |a морфология 
610 1 |a классификация 
610 1 |a плодородие 
610 1 |a земледелие 
610 1 |a типы 
610 1 |a земельные ресурсы 
610 1 |a география 
610 1 |a охрана 
610 1 |a учебники 
675 |a 631.4(075.8)  |v 3 
700 1 |a Добровольский  |b В. В.  |g Всеволод Всеволодович 
801 1 |a RU  |b 63413507  |c 20021217  |g PSBO 
801 2 |a RU  |b 63413507  |c 20150810  |g PSBO 
900 |a Почвоведение и экология почв 
942 |c BK 
952 |a 510700  |b 012500